000
00338nam a2200133Ia 4500
008
240624s9999 xx 000 0 und d
041
_a
eng
082
_a
658.4012 HOF
100
_a
HOFFMAN BRYCE G
245
_a
RED TEAMING HOW YOUR BUSINESS CAN CONQUE
260
_c
2017
_a
New York
_b
Crown Business
300
_a
278 p.
365
_c
_b
33
999
_c
32734
_d
32734